Taylor Swift mystery lyrics #99 - Statistics

General Stats
  • This quiz has been taken 51 times
  • The average score is 219 of 306
Answer Stats
Answer % Correct
I
97%
you
97%
You
97%
a
94%
we
94%
We
94%
in
92%
the
92%
my
89%
on
89%
And
86%
and
86%
be
86%
it
86%
to
86%
were
86%
do
83%
he
83%
had
81%
me
81%
that
81%
who
81%
if
78%
love
78%
of
78%
say
78%
was
78%
your
78%
can
75%
know
75%
like
75%
man
75%
this
75%
when
75%
but
72%
But
72%
could
72%
just
72%
what
72%
back
69%
better
69%
Better
69%
I'm
69%
Never
69%
never
69%
ever
67%
have
67%
I'd
67%
it's
67%
one
67%
see
67%
wish
67%
did
64%
hand
64%
hear
64%
his
64%
off
64%
oh
64%
Oh
64%
they
64%
mind
61%
now
61%
than
61%
why
61%
AM
58%
at
58%
been
58%
didn't
58%
goodbye
58%
night
58%
all
56%
miss
56%
some
56%
can't
53%
feel
53%
own
53%
thing
53%
down
50%
middle
50%
still
50%
would've
50%
4
47%
again
47%
alone
47%
always
47%
any
47%
best
47%
every
47%
might
47%
wasn't
47%
change
44%
hold
44%
minute
44%
probably
44%
Sometimes
44%
both
42%
gave
42%
given
42%
lovin'
42%
run
42%
thought
42%
away
39%
because
39%
myself
39%
Talkin'
39%
terms
39%
around
36%
become
36%
damage
36%
kind
36%
Push
36%
sweet
36%
these
36%
word
36%
beginning
33%
bravest
33%
forget
33%
hopin'
33%
mirror
33%
sayin'
33%
Standin'
33%
turn
33%
wonder
33%
days
31%
gun
31%
jealousy
31%
loaded
31%
magic
31%
permanent
31%
careless
25%
needing
25%
pride
19%
waited
19%
No matching quizzes found
Score Distribution
Percent of People with Each Score
Percentile by Number Answered
Your Score History
You have not taken this quiz